Mario Kart 8 Characters - Statistics

General Stats
  • This quiz has been taken 55 times
  • The average score is 27 of 36
Answer Stats
Weight Class Answer % Correct
Medium Luigi
95%
Medium Mario
95%
Heavy Bowser
92%
Medium Peach
92%
Medium Daisy
84%
Light Baby Daisy
81%
Light Baby Peach
81%
Heavy Donkey Kong
81%
Light Baby Luigi
78%
Light Baby Mario
78%
Light Toad
78%
Heavy Wario
78%
Heavy Link
76%
Medium Ludwig
76%
Heavy Rosalina
76%
Heavy Roy
76%
Heavy Waluigi
76%
Medium Yoshi
76%
Light Baby Rosalina
73%
Light Lemmy
73%
Heavy Morton
73%
Light Toadette
73%
Light Wendy
73%
Medium Iggy
70%
Light Koopa Troopa
70%
Heavy Metal Mario
70%
Light Shy Guy
70%
Light Villager
70%
Light Larry
68%
Medium Cat Peach
65%
Heavy Dry Bowser
65%
Light Isabelle
65%
Heavy Pink Gold Peach
65%
Varies Mii
62%
Medium Tanooki Mario
62%
Light Lakitu
46%
No matching quizzes found
Score Distribution
Percent of People with Each Score
Percentile by Number Answered
Your Score History
You have not taken this quiz